000 00711nam a2200229 i 4500
001 C2-0312248
003 PPAK
005 20180728104031.0
008 110912s1999 my a|||| ||||| | may d
020 _a9839863177
040 _aPPAK
_beng
_cPPAK
_erda
082 0 4 _a338.18595
_223
090 0 0 _a338.18595
_bDAS
_dKK
245 0 0 _aDasar Pertanian Negara Ketiga (1998-2010)
264 1 _aKuala Lumpur :
_bKementerian Pertanian Malaysia ,
_c1999
300 _a36 pages :
_bcolour illustrations ;
_c22 cm
336 _2rdacontent
_atext
337 _2rdamedia
_aunmediated
338 _2rdacarrier
_avolume
650 1 0 _aAgriculture and state - Malaysia ; Agriculture - Research - Malaysia
942 _ddc
_cB
999 _c114319
_d114319